عرض عادي
عرض مارك
- Horn, Ansell,
مدخل إسم شخص
001 - رقم الضبط
- حقل الضبط: 117666
003 - معرف رقم الضبط
- حقل الضبط: OSt
005 - تاريخ ووقت أخر عملية
- حقل الضبط: 20240922114724.0
008 - عناصر بيانات ثابتة الطول
- حقل تحكم ثابت الطول: 240922|| aca||aabn | a|a d
040 ## - مصدر الفهرسة
- هيئة الفهرسة الأصلية: OSt
- وكالة الكتابة: OSt
100 ## - مدخل -- أسم شخص
- إسم شخص: Horn, Ansell,
670 ## - بيانات المصدر موجوده
- الاستشهاد بالمصدر: Work cat.: (OSt)0: Gray's atlas of anatomy /
